[Event "14. Sparkassen Open 2015 - Gruppe B"]
[Site "Forchheim"]
[Date "2015.10.04"]
[Round "4.2"]
[White "Faralisz, Patrick"]
[Black "Wagner, Robert"]
[Result "*"]
[WhiteElo "1641"]
[BlackElo "1868"]
[PlyCount "138"]
[EventDate "2015.??.??"]
[WhiteTeam "SC Noris-Tarrasch Nürnberg"]
[BlackTeam "SC Forchheim"]

1. e4 c5 2. Nf3 d6 3. Bb5+ Bd7 4. Bxd7+ Nxd7 5. O-O Ngf6 6. Qe2 g6 7. c3 Bg7 8.
d4 cxd4 9. cxd4 O-O 10. Nc3 Nb6 11. h3 Rc8 12. Bf4 Qc7 13. Rac1 Qc4 14. Qe3 Qb4
15. b3 Qa5 16. Bh2 Rc7 17. e5 Nfd5 18. Nxd5 Nxd5 19. Qd2 Qxd2 20. Nxd2 dxe5 21.
Rxc7 Nxc7 22. Bxe5 Ne6 23. Bxg7 Kxg7 24. Nf3 Kf6 25. Rc1 Rd8 26. g3 Nxd4 27.
Nxd4 Rxd4 28. Rc7 Rb4 29. Kg2 Ke6 30. Kf3 Kd6 31. Rc8 Kd7 32. Ra8 a6 33. Rh8 h5
34. h4 Rb5 35. Rb8 Ke6 36. Ke4 Rb4+ 37. Kd3 Kd6 38. Rf8 Ke6 39. Rb8 Rb5 40. Ke4
Kd6 41. Kd4 Kc7 42. Rf8 Rf5 43. f4 e6 44. Ke4 Kc6 45. Rc8+ Kb5 46. Rb8 b6 47.
Rb7 a5 48. a4+ Kc6 49. Rb8 Kc5 50. Rb7 f6 51. Re7 Kb4 52. Rxe6 Kxb3 53. Rxb6+
Kxa4 54. Kd4 Ka3 55. Kc4 a4 56. Kd4 Ka2 57. Kc4 a3 58. Kc3 Ka1 59. Kd3 a2 60.
Kc2 Rc5+ 61. Kd2 g5 62. Rxf6 gxh4 63. gxh4 Kb2 64. Rb6+ Ka3 65. Ra6+ Kb3 66.
Ra7 Rc4 67. Kd3 Ra4 68. Rb7+ Ka3 69. Kc2 a1=Q *

[Event "14. Sparkassen Open 2015 - Gruppe B"]
[Site "Forchheim"]
[Date "2015.10.04"]
[Round "4.3"]
[White "Diller, Daniel"]
[Black "Gebhardt, Christian"]
[Result "1-0"]
[WhiteElo "1895"]
[BlackElo "1897"]
[PlyCount "73"]
[EventDate "2015.??.??"]
[WhiteTeam "SC Erlangen"]
[BlackTeam "SV Seubelsdorf"]

1. c4 c5 2. g3 Nf6 3. Bg2 g6 4. Nc3 Bg7 5. Nf3 O-O 6. d4 d6 7. d5 e5 8. O-O Ne8
9. e4 h6 10. Be3 Nd7 11. Qd2 Kh7 12. Ne1 f5 13. Nd3 Ndf6 14. f3 Nh5 15. f4 exf4
16. Nxf4 Nxf4 17. Bxf4 g5 18. Be3 fxe4 19. Bxe4+ Kg8 20. Bc2 Bh3 21. Rxf8+ Kxf8
22. Qd3 Qf6 23. Bf2 b6 24. Ne4 Qxb2 25. Rb1 Qxa2 26. Re1 Rd8 27. Qf3+ Kg8 28.
Bb1 Qxc4 29. g4 Bxg4 30. Qxg4 Qxd5 31. h4 Nf6 32. Nxf6+ Bxf6 33. Bf5 h5 34.
Be6+ Kg7 35. Qxh5 Qb7 36. hxg5 Rf8 37. Qh6# 1-0

[Event "14. Sparkassen Open 2015 - Gruppe B"]
[Site "Forchheim"]
[Date "2015.10.04"]
[Round "4.4"]
[White "Beck, Karl"]
[Black "Krastev, Alexander"]
[Result "1-0"]
[WhiteElo "1943"]
[BlackElo "1858"]
[PlyCount "71"]
[EventDate "2015.??.??"]
[WhiteTeam "SC Markt Berolzheim"]
[BlackTeam "Biebertaler SF"]

1. e4 e5 2. Nf3 Nc6 3. Bb5 f5 4. Nc3 fxe4 5. Nxe4 Nf6 6. Qe2 d5 7. Nxf6+ gxf6
8. Nd4 Qd6 9. Qh5+ Kd8 10. Nf5 Qe6 11. Ne3 Nd4 12. Ba4 c6 13. c3 Nf5 14. O-O
Bd7 15. Bc2 Ng7 16. Qh4 Be7 17. Qh6 Qf7 18. f4 e4 19. f5 Kc7 20. d3 exd3 21.
Bxd3 Rag8 22. Bd2 Nh5 23. Be2 Ng7 24. Rae1 Bd6 25. Ng4 Ne8 26. Qe3 b6 27. Qd3
h5 28. Nh6 Rxh6 29. Bxh6 Qh7 30. Bf4 Bxf5 31. Bxd6+ Nxd6 32. Qd4 Be4 33. Rf2
Qg6 34. Bf1 Nf5 35. Qd2 Kb7 36. Qf4 1-0

[Event "14. Sparkassen Open 2015 - Gruppe B"]
[Site "Forchheim"]
[Date "2015.10.04"]
[Round "4.5"]
[White "von der Linden, Armin"]
[Black "Reinhard, Ralf-Peter"]
[Result "1-0"]
[WhiteElo "1985"]
[BlackElo "1894"]
[PlyCount "93"]
[EventDate "2015.??.??"]
[WhiteTeam "SF Zeiler Turm"]
[BlackTeam "vereinslos"]

1. d4 d5 2. c4 c6 3. Nc3 Nf6 4. Nf3 e6 5. g3 Bd6 6. Bg2 Nbd7 7. O-O O-O 8. Qd3
dxc4 9. Qxc4 e5 10. Rd1 Qe7 11. e4 exd4 12. Nxd4 Ne5 13. Qb3 Bc5 14. Qc2 Bg4
15. Nce2 Rad8 16. Be3 Bb6 17. Nf5 Bxf5 18. Bxb6 Rxd1+ 19. Qxd1 axb6 20. exf5
Nc4 21. Qc2 Nd6 22. Nf4 Qe5 23. Bh3 Re8 24. Rd1 Nb5 25. Nd3 Qd5 26. Nb4 Qf3 27.
Qd3 Qxd3 28. Rxd3 Kf8 29. Kf1 Re4 30. a3 Ke7 31. Re3 Kd6 32. Rxe4 Nxe4 33. Ke2
Ng5 34. Bg2 f6 35. g4 Nf7 36. f4 Kc5 37. Kd3 Nc7 38. Bf3 b5 39. Bd1 Na6 40. Nc2
b4 41. a4 Nd6 42. Nd4 Kb6 43. Ne6 Ne8 44. g5 Nc5+ 45. Kd4 Nd7 46. Bh5 Nd6 47.
Nxg7 1-0

[Event "14. Sparkassen Open 2015 - Gruppe B"]
[Site "Forchheim"]
[Date "2015.10.04"]
[Round "4.6"]
[White "Reuter, Roland"]
[Black "Askri, Samir"]
[Result "1/2-1/2"]
[WhiteElo "2000"]
[BlackElo "1859"]
[PlyCount "85"]
[EventDate "2015.??.??"]
[WhiteTeam "SK Schwabach"]
[BlackTeam "SG Siemens Amberg"]

1. Nf3 Nf6 2. c4 g6 3. Nc3 Bg7 4. d4 O-O 5. e4 d6 6. Be2 e5 7. dxe5 dxe5 8. Bg5
Qxd1+ 9. Rxd1 Re8 10. Bxf6 Bxf6 11. O-O c6 12. Rd2 a5 13. Na4 Bd8 14. Nxe5 Bc7
15. Nf3 Rxe4 16. Ng5 Re8 17. f4 h6 18. Nh3 Be6 19. g4 Na6 20. f5 Bc8 21. a3 Re5
22. fxg6 fxg6 23. Nf4 Kg7 24. h3 Re4 25. Nxg6 Rxe2 26. Rxe2 Kxg6 27. c5 Bd7 28.
Re7 Rd8 29. Rff7 Be6 30. Rg7+ Kf6 31. Kf2 Be5 32. Rxb7 Bd4+ 33. Kg3 Nxc5 34.
Nxc5 Bxc5 35. h4 Rd3+ 36. Kf4 Rd4+ 37. Kg3 Bf8 38. g5+ hxg5 39. hxg5+ Kf5 40.
Rgf7+ Bxf7 41. Rxf7+ Kxg5 42. Rxf8 Rd3+ 43. Rf3 1/2-1/2

[Event "14. Sparkassen Open 2015 - Gruppe B"]
[Site "Forchheim"]
[Date "2015.10.04"]
[Round "4.7"]
[White "Wabra, Robert"]
[Black "Brückner, Alexander"]
[Result "1-0"]
[WhiteElo "1991"]
[BlackElo "1793"]
[PlyCount "141"]
[EventDate "2015.??.??"]
[WhiteTeam "SF Gerresheim"]
[BlackTeam "SF Augsburg"]

1. d4 Nf6 2. c4 g6 3. Nc3 d5 4. Nf3 c6 5. e3 Bg7 6. Bd3 O-O 7. O-O Re8 8. Re1
Nbd7 9. cxd5 Nxd5 10. e4 Nxc3 11. bxc3 Nb6 12. Qc2 Qc7 13. Be3 Bg4 14. Nd2 e5
15. h3 Be6 16. a4 Rad8 17. a5 Nc8 18. Nf3 exd4 19. cxd4 Rd7 20. Red1 Red8 21.
Qa4 Kh8 22. Rac1 Qb8 23. Bb1 Ne7 24. Ng5 Qd6 25. Ba2 Nc8 26. e5 Qe7 27. Bxe6
fxe6 28. Ne4 h6 29. Qc2 Qf7 30. a6 bxa6 31. Nc5 Rd5 32. Nxa6 Ne7 33. Nb4 R5d7
34. Qc5 Bf8 35. Qa5 c5 36. Rxc5 Nd5 37. Nc6 Bxc5 38. Nxd8 Qe8 39. Qxc5 Qxd8 40.
Bxh6 Kh7 41. Be3 Rc7 42. Qa5 Qe7 43. Rc1 Rxc1+ 44. Bxc1 Qc7 45. Qxc7+ Nxc7 46.
Kf1 Nb5 47. Bb2 a5 48. Ke2 a4 49. Kd3 a3 50. Ba1 Kh6 51. Kc4 Nc7 52. g3 Kg5 53.
Kb4 a2 54. Kb3 Kf5 55. Kxa2 Ke4 56. Kb3 Kf3 57. h4 Kxf2 58. g4 Kg3 59. h5 gxh5
60. gxh5 Nd5 61. Bc3 Nf4 62. h6 Kg4 63. Bd2 Ng6 64. Kc4 Kf5 65. Kc5 Nh8 66. Kd6
Ng6 67. Kd7 Nh8 68. Ke7 Ng6+ 69. Kf7 Nh8+ 70. Kg7 Ng6 71. h7 1-0

[Event "14. Sparkassen Open 2015 - Gruppe B"]
[Site "Forchheim"]
[Date "2015.10.04"]
[Round "4.8"]
[White "Braun, Kristin"]
[Black "Pikal, Alexander"]
[Result "1/2-1/2"]
[WhiteElo "1735"]
[BlackElo "1966"]
[PlyCount "130"]
[EventDate "2015.??.??"]
[WhiteTeam "SC Forchheim"]
[BlackTeam "SC Ansbach"]

1. d4 Nf6 2. Nf3 d6 3. Bg5 Nbd7 4. c4 g6 5. Nc3 Bg7 6. e4 e5 7. d5 O-O 8. Qd2
Re8 9. Bh6 Bh8 10. Bd3 Nc5 11. h3 Nh5 12. Be2 Nf4 13. Bf1 f5 14. Ng5 Bf6 15. h4
a5 16. Rb1 Qe7 17. a3 a4 18. g3 Nh5 19. Be2 Ng7 20. h5 Nb3 21. Qe3 Nd4 22. Kd2
Nxe2 23. hxg6 Nxc3 24. gxh7+ Kh8 25. bxc3 b6 26. Rh2 Rf8 27. Rbh1 f4 28. gxf4
exf4 29. Qf3 Bxg5 30. Bxg7+ Qxg7 31. Rg2 Rf6 32. Qh5 Rh6 33. Qe8+ Kxh7 34.
Rxh6+ Qxh6 35. Qf7+ Qg7 36. Qh5+ Qh6 37. Qf7+ Kh8 38. Qe8+ Kg7 39. Qe7+ Kg6 40.
Qe8+ Kf6 41. Qd8+ Kf7 42. Rxg5 Bh3 43. Qxc7+ Kf6 44. Rg1 f3+ 45. Kd1 Bg2 46.
Qxd6+ Kg7 47. Qxh6+ Kxh6 48. Kd2 Kg5 49. Ke3 Rc8 50. Kd4 Kf4 51. e5 Bh3 52. Re1
Kf5 53. e6 Kf6 54. Rb1 Rb8 55. Rb4 Bf1 56. Rxa4 Rg8 57. Rb4 Rg4+ 58. Ke3 Rxc4
59. Rxc4 Bxc4 60. Kd4 Bb5 61. c4 Ba4 62. c5 bxc5+ 63. Kxc5 Ke7 64. Kb4 Bc2 65.
a4 Kd6 1/2-1/2

[Event "14. Sparkassen Open 2015 - Gruppe B"]
[Site "Forchheim"]
[Date "2015.10.04"]
[Round "4.9"]
[White "Morschel, Steffen"]
[Black "Juciute, Einora"]
[Result "0-1"]
[WhiteElo "1686"]
[BlackElo "1897"]
[PlyCount "100"]
[EventDate "2015.??.??"]
[WhiteTeam "SK Sülz-Klettenberg"]

1. e4 e6 2. d4 d5 3. Nc3 Bb4 4. e5 c5 5. Bd2 Ne7 6. f4 Nf5 7. Nf3 cxd4 8. Nb5
Bc5 9. Bd3 Bd7 10. Bxf5 Bxb5 11. Bd3 Qb6 12. b4 Be7 13. Bxb5+ Qxb5 14. Nxd4 Qc4
15. c3 O-O 16. Qe2 Qc7 17. O-O Nd7 18. Nb5 Qc6 19. Nd4 Qc4 20. Qxc4 dxc4 21.
Nb5 Nb6 22. Be3 Nd5 23. Bd4 a6 24. Na3 Rac8 25. Nc2 Rfd8 26. a3 h6 27. Rf3 Rd7
28. Kf2 Nc7 29. Ke2 Nb5 30. Rd1 Rcd8 31. g4 a5 32. f5 Nxd4+ 33. Rxd4 Rxd4 34.
Nxd4 exf5 35. Nxf5 Bg5 36. Nd6 axb4 37. axb4 b5 38. Nxf7 Re8 39. Kf1 Bd2 40.
Ke2 Bxc3 41. Nxh6+ gxh6 42. Rxc3 Rxe5+ 43. Kd2 Re4 44. h3 Kg7 45. Rf3 Re5 46.
Kc3 Rd5 47. Kc2 Kg6 48. Rf8 Kg5 49. Rf3 Kh4 50. Rf5 Rxf5 0-1

[Event "14. Sparkassen Open 2015 - Gruppe B"]
[Site "Forchheim"]
[Date "2015.10.04"]
[Round "4.10"]
[White "Mantel, Ruben"]
[Black "Hohner, Karl-Heinz"]
[Result "1-0"]
[WhiteElo "1773"]
[BlackElo "1689"]
[PlyCount "29"]
[EventDate "2015.??.??"]
[WhiteTeam "Zabo-Eintracht Nürnberg"]
[BlackTeam "vereinslos"]

1. e4 e5 2. Bc4 Nf6 3. Nc3 c6 4. d4 d5 5. dxe5 Nxe4 6. Nxe4 dxc4 7. Qxd8+ Kxd8
8. Bg5+ Ke8 9. O-O-O Nd7 10. Nf3 h6 11. Bh4 g5 12. Bg3 Be7 13. Nd6+ Bxd6 14.
exd6 Kf8 15. Ne5 1-0

[Event "14. Sparkassen Open 2015 - Gruppe B"]
[Site "Forchheim"]
[Date "2015.10.04"]
[Round "4.11"]
[White "Paeslack, Luis"]
[Black "Krasotin, Valentin"]
[Result "1-0"]
[WhiteElo "1733"]
[BlackElo "1777"]
[PlyCount "97"]
[EventDate "2015.??.??"]
[WhiteTeam "SK Mainaschaff"]
[BlackTeam "SW Nürnberg Süd"]

1. d4 Nf6 2. c4 g6 3. Nc3 d5 4. e3 Bg7 5. Nf3 O-O 6. Be2 dxc4 7. Bxc4 c5 8. O-O
Bg4 9. h3 cxd4 10. exd4 Bxf3 11. Qxf3 Nc6 12. Rd1 Qb6 13. Qe3 Rfd8 14. d5 Na5
15. b3 Rac8 16. Qxb6 axb6 17. Na4 Nxd5 18. Bxd5 Bxa1 19. Nxb6 Rc6 20. Bd2 Bc3
21. Bxc3 e6 22. Bxa5 exd5 23. Nxd5 Re8 24. Bb4 Kg7 25. Ne3 Re4 26. a3 b6 27. g3
h5 28. h4 f5 29. Kg2 f4 30. Rd7+ Kh8 31. Nc4 fxg3 32. fxg3 b5 33. Rd8+ Kh7 34.
Bc3 g5 35. Rh8+ Kg6 36. Ne5+ Rxe5 37. Bxe5 Kf5 38. Ba1 Rc2+ 39. Kf3 g4+ 40. Ke3
Ra2 41. Rxh5+ Ke6 42. Rh6+ Kd5 43. Rh5+ Kc6 44. Bd4 Rxa3 45. Rc5+ Kb6 46. h5
Ka5 47. h6 Rxb3+ 48. Kf4 Rb4 49. Rd5 1-0

[Event "14. Sparkassen Open 2015 - Gruppe B"]
[Site "Forchheim"]
[Date "2015.10.04"]
[Round "4.12"]
[White "Roth, Jakob"]
[Black "Huber, Lukas"]
[Result "0-1"]
[WhiteElo "1770"]
[BlackElo "1894"]
[PlyCount "144"]
[EventDate "2015.??.??"]
[WhiteTeam "Spvgg Stetten"]
[BlackTeam "SC Tannhausen"]

1. d4 Nf6 2. c4 c5 3. d5 b5 4. cxb5 a6 5. bxa6 Bxa6 6. Nc3 g6 7. g3 d6 8. Bg2
Bg7 9. Nf3 O-O 10. O-O Nbd7 11. Re1 Ng4 12. Nd2 Qb6 13. h3 Nge5 14. f4 Nc4 15.
Nxc4 Bxc4 16. Qc2 Rfb8 17. Qe4 Qb4 18. Qf3 Bd4+ 19. Kh2 Nf6 20. e4 Rxa2 21.
Rxa2 Bxa2 22. g4 h6 23. h4 Bc4 24. g5 hxg5 25. hxg5 Nh5 26. e5 dxe5 27. fxe5
Ng7 28. Bh3 Qb3 29. d6 exd6 30. exd6 Qc2+ 31. Bg2 Ne6 32. Ne4 Kg7 33. Bf4 Nxf4
34. Qxf4 Qxb2 35. Nd2 Qc3 36. Bf3 Rb2 37. Kh3 Qxd2 38. Qxd2 Rxd2 39. d7 Bf2 40.
Rd1 Be6+ 41. Kg2 Rxd1 42. Bxd1 Bxd7 43. Kxf2 f6 44. gxf6+ Kxf6 45. Be2 Ke5 46.
Ke3 Bf5 47. Bf1 Be4 48. Bc4 g5 49. Be2 Bf5 50. Bf3 Be6 51. Be2 c4 52. Bd1 Kd5
53. Bf3+ Kc5 54. Kd2 Kd4 55. Kc2 Bf5+ 56. Kd2 c3+ 57. Kc1 g4 58. Bg2 Be4 59.
Bf1 g3 60. Bh3 g2 61. Bxg2 Bxg2 62. Kc2 Be4+ 63. Kd1 Kc4 64. Kc1 Kb3 65. Kd1
Kb2 66. Ke2 c2 67. Kf2 c1=Q 68. Kg3 Qf1 69. Kg4 Qf5+ 70. Kg3 Qf3+ 71. Kh4 Qg2
72. Kh5 Bf5 0-1

[Event "14. Sparkassen Open 2015 - Gruppe B"]
[Site "Forchheim"]
[Date "2015.10.04"]
[Round "4.13"]
[White "von Kortzfleisch, Ruben"]
[Black "Kaufmann, Rolf"]
[Result "0-1"]
[WhiteElo "1349"]
[BlackElo "1910"]
[PlyCount "108"]
[EventDate "2015.??.??"]
[WhiteTeam "SF Bad Mergentheim"]
[BlackTeam "SF Hoffenheim"]

1. e4 d5 2. exd5 Nf6 3. d4 Bg4 4. Be2 Bxe2 5. Qxe2 Qxd5 6. Nf3 Nc6 7. c4 Qf5 8.
Bd2 Qg4 9. O-O Nxd4 10. Nxd4 Qxd4 11. Bb4 O-O-O 12. Nc3 e6 13. a3 a6 14. Rfd1
Qb6 15. Rxd8+ Kxd8 16. Qd3+ Kc8 17. Na4 Qc6 18. b3 Bxb4 19. axb4 Rd8 20. Qg3
Qd6 21. Qxd6 Rxd6 22. Nc3 Rd2 23. b5 axb5 24. Nxb5 Rb2 25. Nd4 e5 26. Nf3 e4
27. Ne5 c6 28. g3 Rxb3 29. Nxf7 Kc7 30. c5 Nd7 31. Ng5 Nxc5 32. Nxh7 b5 33.
Ra7+ Nb7 34. Ng5 Kb6 35. Ra8 Rb1+ 36. Kg2 Nc5 37. Rb8+ Kc7 38. Rg8 b4 39. Rxg7+
Kb6 40. Re7 b3 41. Nxe4 Nxe4 42. Rxe4 b2 43. Rb4+ Kc5 44. Rb8 Kc4 45. Rb6 c5
46. h4 Kc3 47. h5 Rd1 48. h6 b1=Q 49. Rxb1 Rxb1 50. g4 Kd4 51. Kf3 Ke5 52. Ke3
Rb3+ 53. Ke2 Rh3 54. g5 Kf5 0-1

[Event "14. Sparkassen Open 2015 - Gruppe B"]
[Site "Forchheim"]
[Date "2015.10.04"]
[Round "4.14"]
[White "Pohl, Steffen"]
[Black "Mooser, Nicolas"]
[Result "0-1"]
[WhiteElo "1876"]
[BlackElo "1674"]
[PlyCount "140"]
[EventDate "2015.??.??"]
[WhiteTeam "SK Schwanstetten"]
[BlackTeam "PSV Dorfen"]

1. e4 c5 2. d4 cxd4 3. c3 dxc3 4. Nxc3 e6 5. Nf3 Nc6 6. Bc4 a6 7. O-O d6 8. Qe2
Nf6 9. Rd1 Qc7 10. Bf4 Be7 11. h3 Ne5 12. Bxe5 dxe5 13. Rac1 O-O 14. Bb3 Qb8
15. Na4 b5 16. Nc5 Qb6 17. Nd3 Bb7 18. Ndxe5 Bxe4 19. Ng5 Bd5 20. Bxd5 Nxd5 21.
Ngf3 Rfc8 22. Nd7 Qd6 23. Nde5 Rc7 24. Rc2 Rac8 25. Rcd2 Rc1 26. Ng4 Rxd1+ 27.
Qxd1 Qc5 28. Qe2 Qc1+ 29. Kh2 Bb4 30. Rd1 Qc2 31. Qxc2 Rxc2 32. a3 Bd6+ 33. g3
h5 34. Nge5 Rxf2+ 35. Kg1 Rxb2 36. a4 Bxe5 37. Nxe5 Rg2+ 38. Kxg2 Ne3+ 39. Kf3
Nxd1 40. axb5 axb5 41. Nd3 Nc3 42. Kf4 f6 43. Ke3 Kf7 44. Kf3 Nd5 45. h4 b4 46.
Nc5 Ke7 47. Ke4 Kd6 48. Kd4 e5+ 49. Kc4 Ne3+ 50. Kxb4 Nf5 51. Kc4 Nxg3 52. Nb3
Nf5 53. Kd3 Nxh4 54. Nd2 f5 55. Ke3 Kd5 56. Kf2 g5 57. Kg3 e4 58. Kf2 f4 59.
Nf1 e3+ 60. Nxe3+ fxe3+ 61. Kxe3 Nf5+ 62. Kf3 Kd4 63. Kg2 Ke3 64. Kh3 g4+ 65.
Kg2 h4 66. Kg1 Nd4 67. Kg2 g3 68. Kh1 h3 69. Kg1 Nf3+ 70. Kh1 g2# 0-1

[Event "14. Sparkassen Open 2015 - Gruppe B"]
[Site "Forchheim"]
[Date "2015.10.04"]
[Round "4.15"]
[White "Thürauf, Peter"]
[Black "Meier, Manfred"]
[Result "1/2-1/2"]
[WhiteElo "1835"]
[BlackElo "1800"]
[PlyCount "26"]
[EventDate "2015.??.??"]
[WhiteTeam "SW Nürnberg Süd"]
[BlackTeam "SV Neustadt/Aisch"]

1. d4 d5 2. Nf3 Nf6 3. c4 c6 4. cxd5 cxd5 5. Nc3 e6 6. Bf4 Bd6 7. Bg3 O-O 8. e3
a6 9. Be2 Nc6 10. O-O Re8 11. Ne5 Qe7 12. Rc1 Nd7 13. f4 Bxe5 1/2-1/2

[Event "14. Sparkassen Open 2015 - Gruppe B"]
[Site "Forchheim"]
[Date "2015.10.04"]
[Round "4.17"]
[White "Weißmann, Peter"]
[Black "Diebel, Günter"]
[Result "0-1"]
[WhiteElo "1795"]
[BlackElo "1802"]
[PlyCount "105"]
[EventDate "2015.??.??"]
[WhiteTeam "SK Zirndorf"]
[BlackTeam "SW Nürnberg Süd"]

1. e4 c5 2. Nf3 Nc6 3. d4 cxd4 4. Nxd4 e5 5. Nb5 a6 6. Nd6+ Bxd6 7. Qxd6 Qe7 8.
Qxe7+ Ngxe7 9. Bc4 b5 10. Bd3 Bb7 11. Be3 Nb4 12. O-O Nxd3 13. cxd3 Rc8 14. b4
f5 15. f3 f4 16. Bc5 d5 17. a4 dxe4 18. dxe4 Bc6 19. a5 Kf7 20. Nc3 g5 21. Rad1
Rhd8 22. Bb6 Rd7 23. Rxd7 Bxd7 24. Rd1 Be6 25. Bc5 Nc6 26. Rd6 Nxa5 27. Rxa6
Nb3 28. Nxb5 Nxc5 29. bxc5 Rxc5 30. Ra7+ Kf6 31. Nd6 Rc6 32. Nf5 Rc1+ 33. Kf2
Bc4 34. g3 Rc2+ 35. Kg1 Be2 36. Rxh7 Bxf3 37. Rh6+ Kf7 38. Rh7+ Ke8 39. gxf4
exf4 40. e5 Bg4 41. Nd6+ Kf8 42. Ne4 Bf5 43. Nxg5 Bxh7 44. Nxh7+ Kg7 45. Nf6
Kg6 46. Ng4 Kg5 47. h3 Kh4 48. Nf2 Re2 49. Nd3 Kg3 50. Kf1 Re3 51. Ne1 Rxe5 52.
Ng2 Ra5 53. Ne1 0-1

[Event "14. Sparkassen Open 2015 - Gruppe B"]
[Site "Forchheim"]
[Date "2015.10.04"]
[Round "4.18"]
[White "Corral, Carlos"]
[Black "Semenova, Alisa"]
[Result "1-0"]
[WhiteElo "2010"]
[BlackElo "1646"]
[PlyCount "49"]
[EventDate "2015.??.??"]
[WhiteTeam "SC Noris-Tarrasch Nürnberg"]
[BlackTeam "SC Noris-Tarrasch Nürnberg"]

1. Nc3 d5 2. e4 e6 3. d4 Nc6 4. Nf3 Be7 5. Bb5 a6 6. Bxc6+ bxc6 7. O-O Bb7 8.
Re1 c5 9. exd5 Bxd5 10. dxc5 Nf6 11. Be3 O-O 12. b4 Qc8 13. Rb1 Rd8 14. Qe2 Qb7
15. Nxd5 Nxd5 16. Rb3 Bf6 17. c4 Ne7 18. Bg5 Bxg5 19. Nxg5 Ng6 20. Nxf7 Nf4 21.
Qg4 Qxg2+ 22. Qxg2 Nxg2 23. Nxd8 Nxe1 24. Nxe6 c6 25. Nd4 1-0

[Event "14. Sparkassen Open 2015 - Gruppe B"]
[Site "Forchheim"]
[Date "2015.10.04"]
[Round "4.19"]
[White "Goda, Frederic"]
[Black "Schwarz, Eduard"]
[Result "1-0"]
[WhiteElo "1704"]
[BlackElo "1992"]
[PlyCount "73"]
[EventDate "2015.??.??"]
[WhiteTeam "SC Weiße Dame Ulm"]
[BlackTeam "SG Idstein"]

1. d4 Nf6 2. Bf4 e6 3. e3 d5 4. Bd3 Bd6 5. Bg3 O-O 6. Nf3 Qe7 7. Nbd2 Nbd7 8.
Ne5 c5 9. c3 Re8 10. f4 Nf8 11. h4 N6d7 12. h5 Bxe5 13. dxe5 f6 14. Bh4 c4 15.
Bc2 Qc5 16. Qf3 fxe5 17. O-O e4 18. Qg3 Qc7 19. Ba4 a6 20. Qg4 b5 21. Bc2 Nc5
22. a4 bxa4 23. Bxa4 Nxa4 24. Rxa4 Rb8 25. Ra2 Qf7 26. Bg5 Nd7 27. Qg3 Rb5 28.
Qh4 Nc5 29. g4 Nd3 30. Qh2 Nxb2 31. Nxe4 dxe4 32. Rxb2 Qa7 33. f5 exf5 34. Rbf2
fxg4 35. Qd6 h6 36. Rf8+ Rxf8 37. Rxf8+ 1-0

[Event "14. Sparkassen Open 2015 - Gruppe B"]
[Site "Forchheim"]
[Date "2015.10.04"]
[Round "4.20"]
[White "Bauer, Peter"]
[Black "Thurn, Stephan"]
[Result "1/2-1/2"]
[WhiteElo "1656"]
[BlackElo "1889"]
[PlyCount "45"]
[EventDate "2015.??.??"]
[WhiteTeam "SGem Fürth"]
[BlackTeam "TSV Kirchehrenbach"]

1. d4 f5 2. g3 Nf6 3. Nf3 b6 4. Bg2 Bb7 5. O-O e6 6. c4 Be7 7. Nc3 O-O 8. Bf4
d6 9. Ng5 Bxg2 10. Kxg2 Qc8 11. Qd3 h6 12. Nh3 Nbd7 13. f3 Qb7 14. Nf2 Rad8 15.
Qc2 g5 16. Bd2 Kg7 17. e4 fxe4 18. Ncxe4 d5 19. Nxf6 Nxf6 20. cxd5 Nxd5 21.
Rae1 Rf6 22. Ng4 Rg6 23. Ne5 1/2-1/2

[Event "14. Sparkassen Open 2015 - Gruppe B"]
[Site "Forchheim"]
[Date "2015.10.04"]
[Round "4.21"]
[White "Meyer, Nico"]
[Black "Adler, Herbert"]
[Result "0-1"]
[WhiteElo "1437"]
[BlackElo "2001"]
[PlyCount "88"]
[EventDate "2015.??.??"]
[WhiteTeam "SC Bechhofen"]
[BlackTeam "SG Büchenbach/Roth"]

1. e4 e6 2. d4 d5 3. exd5 exd5 4. Bd3 Nc6 5. c3 Bd6 6. Ne2 Nge7 7. O-O Bf5 8.
Re1 O-O 9. Bf4 Re8 10. Bxd6 Qxd6 11. Ng3 Qf4 12. Re3 Bxd3 13. Rxd3 Qg5 14. Nd2
Nf5 15. Nf3 Qf4 16. Nd2 Nxg3 17. Rxg3 Re6 18. Rf3 Qd6 19. Re3 Rae8 20. Qf3 Rxe3
21. fxe3 Qg6 22. Rf1 Qe6 23. Re1 f5 24. Nf1 Nd8 25. Ng3 g6 26. h4 Nf7 27. Qf4
Qd6 28. Ne2 Re4 29. Qxd6 Nxd6 30. Nf4 c6 31. b3 Nb5 32. c4 dxc4 33. bxc4 Nxd4
34. Rd1 Nc2 35. Rd7 Nxe3 36. Nd3 b6 37. Rxa7 Rxc4 38. Ne5 Rc2 39. Ra8+ Kg7 40.
Ra7+ Kh6 41. Nf7+ Kh5 42. Ne5 Rxg2+ 43. Kh1 h6 44. Ra3 Re2 0-1

[Event "14. Sparkassen Open 2015 - Gruppe B"]
[Site "Forchheim"]
[Date "2015.10.04"]
[Round "4.22"]
[White "Grieme, Jens"]
[Black "Ammon, Fabian"]
[Result "1/2-1/2"]
[WhiteElo "1875"]
[BlackElo "1692"]
[PlyCount "68"]
[EventDate "2015.??.??"]
[WhiteTeam "TuS Syke"]
[BlackTeam "SV Altensittenbach"]

1. e4 c6 2. d4 d5 3. Nd2 dxe4 4. Nxe4 Bf5 5. Ng3 Bg6 6. Nf3 Nd7 7. Bd3 e6 8.
O-O Qc7 9. Qe2 Bxd3 10. Qxd3 Ngf6 11. c3 h6 12. Rd1 Bd6 13. Be3 Nd5 14. Ne4
Nxe3 15. Nxd6+ Qxd6 16. fxe3 Rd8 17. Qe2 c5 18. Rd2 O-O 19. Rf1 Qc7 20. Qc4 Qa5
21. b3 cxd4 22. cxd4 Rc8 23. Qe2 Rc3 24. Rc2 Rfc8 25. Rfc1 Nf6 26. Rxc3 Rxc3
27. Rxc3 Qxc3 28. h3 Qc1+ 29. Kh2 Nd5 30. Qb5 Nxe3 31. Qe8+ Kh7 32. Qxf7 Nf1+
33. Kg1 Ng3+ 34. Kh2 Nf1+ 1/2-1/2

[Event "14. Sparkassen Open 2015 - Gruppe B"]
[Site "Forchheim"]
[Date "2015.10.04"]
[Round "4.23"]
[White "Mantel, Hubert"]
[Black "Merz, Andreas"]
[Result "1/2-1/2"]
[WhiteElo "1800"]
[BlackElo "1846"]
[PlyCount "56"]
[EventDate "2015.??.??"]
[WhiteTeam "Zabo-Eintracht Nürnberg"]
[BlackTeam "SC Treuchtlingen"]

1. e4 e5 2. Bc4 Nf6 3. Nc3 Nc6 4. d3 Bc5 5. Be3 Bb6 6. h3 d6 7. Nf3 Be6 8. Bb3
Nd4 9. O-O Qd7 10. Na4 Nxb3 11. axb3 Bxe3 12. fxe3 O-O 13. Ng5 h6 14. Nxe6 fxe6
15. Nc3 d5 16. exd5 exd5 17. Qe1 a6 18. e4 c6 19. exd5 cxd5 20. Qxe5 Rac8 21.
Qd4 Rfd8 22. Ra5 Rc6 23. Rc5 Rd6 24. Ra5 Qe6 25. Raa1 Re8 26. Rf2 Qe3 27. Qxe3
Rxe3 28. Kf1 Nh5 1/2-1/2

[Event "14. Sparkassen Open 2015 - Gruppe B"]
[Site "Forchheim"]
[Date "2015.10.04"]
[Round "4.24"]
[White "Vinogradov, Anatoli"]
[Black "Löllmann, Heinrich"]
[Result "0-1"]
[WhiteElo "1812"]
[BlackElo "1825"]
[PlyCount "100"]
[EventDate "2015.??.??"]
[WhiteTeam "SG Siemens Amberg"]
[BlackTeam "SV Bubenreuth"]

1. d4 d5 2. c4 e6 3. Nc3 Nf6 4. Bg5 Be7 5. e3 O-O 6. Nf3 c6 7. cxd5 exd5 8. Bd3
Bg4 9. O-O Nbd7 10. a3 h6 11. Bh4 Ne4 12. Bxe7 Qxe7 13. Rc1 Qe6 14. b4 a6 15.
Be2 Bf5 16. Nxe4 Bxe4 17. Nd2 Bg6 18. Nb3 f5 19. Nc5 Nxc5 20. bxc5 f4 21. Bg4
Bf5 22. Bxf5 Rxf5 23. exf4 Rxf4 24. g3 Re4 25. Rb1 Qf7 26. Re1 Rae8 27. Qd2 Qf3
28. Rxe4 Rxe4 29. Re1 Rxe1+ 30. Qxe1 Qxa3 31. Qe8+ Kh7 32. Qc8 Qc1+ 33. Kg2 Qb1
34. Qc7 Qe4+ 35. Kg1 Qxd4 36. Qxb7 Qxc5 37. Qxa6 Qc2 38. Kf1 d4 39. Qc8 c5 40.
g4 Qd3+ 41. Kg2 c4 42. g5 h5 43. h4 c3 44. f4 Qe4+ 45. Kg3 Qe3+ 46. Kg2 Qxf4
47. g6+ Kxg6 48. Qe8+ Qf7 49. Qe4+ Qf5 50. Qxd4 Qg4+ 0-1

[Event "14. Sparkassen Open 2015 - Gruppe B"]
[Site "Forchheim"]
[Date "2015.10.04"]
[Round "4.25"]
[White "Seifert, Heinz"]
[Black "Balhar, Michael"]
[Result "1-0"]
[WhiteElo "1598"]
[BlackElo "1794"]
[PlyCount "33"]
[EventDate "2015.??.??"]
[WhiteTeam "SV Lauf"]
[BlackTeam "SC Erlangen"]

1. e4 c5 2. Nc3 e6 3. g3 d5 4. exd5 exd5 5. Bg2 Nf6 6. Nf3 d4 7. Qe2+ Be7 8.
Ne4 O-O 9. O-O Nc6 10. d3 Re8 11. Re1 Bd7 12. Bf4 Nd5 13. Qd2 f5 14. Neg5 Nxf4
15. Qxf4 Bxg5 16. Nxg5 Rc8 17. Bd5+ 1-0

[Event "14. Sparkassen Open 2015 - Gruppe B"]
[Site "Forchheim"]
[Date "2015.10.04"]
[Round "4.26"]
[White "Rummel, Gerald"]
[Black "Meth, Matthias"]
[Result "0-1"]
[WhiteElo "1780"]
[BlackElo "1813"]
[PlyCount "63"]
[EventDate "2015.??.??"]
[WhiteTeam "SC Anderssen"]
[BlackTeam "SC Tannhausen"]

1. Nf3 c5 2. c4 Nf6 3. g3 e6 4. b3 Be7 5. Bg2 O-O 6. O-O d5 7. e3 Nc6 8. Bb2
Rb8 9. Qe2 b6 10. cxd5 exd5 11. d4 Nb4 12. Rd1 Ba6 13. Qd2 Ne4 14. Qc1 Be2 15.
Ne5 Bxd1 16. Qxd1 Rc8 17. f3 Nf6 18. Nd2 cxd4 19. exd4 Nc6 20. Nd3 Bd6 21. f4
Nb4 22. Ne1 Qe7 23. Nf1 Rfe8 24. a3 Na6 25. Bf3 Nc7 26. Nd3 Nb5 27. a4 Nc3 28.
Qd2 Nce4 29. Qg2 a6 30. Ne5 Bxe5 31. fxe5 Qb4 32. Bxe4 0-1